Statistiken für A1 zwischen Lübeck und Bremen

Klicken Sie hier um das Quiz zu spielen!

Allgemein

  • Dieses Quiz wurde 13 mal gespielt
  • Das Durchschnittsergebnis liegt bei 10 aus 31

Antwortstatistiken

Antwort% Korrekt
Bad Oldesloe
54%
Reinfeld
54%
Ahrensburg
46%
Bremer Kreuz
46%
Kreuz Lübeck
46%
Oyten
46%
Sittensen
46%
Stuckenborstel
46%
Bargteheide
38%
Bockel
38%
Hamburg-Harburg
38%
Posthausen
38%
Rade
38%
Elsdorf
31%
Hamburg-Stillhorn
31%
Maschener Kreuz
31%
Stapelfeld
31%
Barsbüttel
23%
Dreieck Norderelbe
23%
Hamburg-Moorfleet
23%
Heidenau
23%
Hollenstedt
23%
Horster Dreieck
23%
Buchholz-Dibbersen
15%
Buchholzer Dreieck
15%
Dreieck Hamburg-Südost
15%
Hamburg-Billstedt
15%
Hamburg-Öjendorf
15%
Kreuz Hamburg-Ost
15%
Seevetal-Hittfeld
15%
Kreuz Bargteheide
8%

Verteilung der Resultate

Perzentil nach korrekt beantworteten Fragen

Anzahl Personen mit jedem Resultat

Ihre Resultats-Entwicklung

Sie haben dieses Quiz noch nicht gespielt